00800nam a2200229Ia 4500003000900000008004100009020001800050040001600068080001200084100002600096245014200122260003900264300001000303650004100313650002100354650001800375650001000393650002600403942000700429999001700436952011700453IN-BaIIA211028s9999 xx 000 0 eng d a81-7036-240-7 cIIA Library a37bKUM aKumar, Krishna917350 0aPolitical agenda of educationba study of colonialist and nationalist ideascKrishna Kumar  aNew DelhibSage Publicationsc1991 a210p. aAstronomy and Astrophysics Thesaurus aEducation917351 aHistory97064 aIndia aSocial Aspects917352 cBK c10222d10222 00104070aBANbBANcGENd1991-09-03g190.00l0o37/ KUMp11132r2021-11-05v190.00w1991-09-03yBKGRs. 190.00